Estatísticas para Vegetais

Clique aqui para jogar o quiz

Estatísticas Gerais

  • Esse quiz foi jogado 51 vezes
  • A pontuação média é 8 de 15

Estatísticas das Respostas

Resposta% Correto
Cenoura
100%
Pepino
100%
Tomate
100%
Cebola
96%
Alface
87%
Abóbora
83%
Beterraba
61%
Nabo
57%
Ervilha
48%
Cogumelos
30%
Agrião
26%
Espinafre
22%
Lentilhas
9%
Pimentos
7%
Quinoa
4%

Distribuição das Pontuações

Percentil de Números Respondidos

Porcentagem de Pessoas com Cada Pontuação

Sua Pontuação Histórica

Você não jogou esse quiz